00486nam a2200133Ia 4500008004100000020001800041082001400059100002200073245008000095260003700175300001100212500004400223650008500267120622s9999 xx 000 0 und d a968-458-256-0 a823 S434u aScrimgeour, G. J. aUna mujer de su tiempo / G.J. Scrimgeour ; tr. Ignacio Ernesto Jaime Priego aMéxico : Lasser Press Mexicana a531 p. aTítulo original: A woman of her times a1. WINGATE, ELIZABETH - BIOGRAFIA \ 2. NOVELA INGLESA \ 3. LITERATURA INGLESAÌ